[Event "Åpent Hordalandsmesterskap 2017 NGP"]
[Site "Ulsmåg skole, Nesttun"]
[Date "2017.05.25"]
[Round "1"]
[White "Shehzad, Shazil"]
[Black "Haldorsen, Benjamin"]
[Result "0-1"]
[WhiteElo "1660"]
[BlackElo "2356"]

1. Nf3 Nf6 2. d4 g6 3. Nc3 d5 4. Bg5 Bg7 5. Qd2 h6 6. Bf4 c6 7. e3 Nbd7 8. Bd3
O-O 9. h4 h5 10. Ne5 Nxe5 11. Bxe5 Bh6 12. Bxf6 exf6 13. O-O-O f5 14. Kb1 b5
15. Rde1 a5 16. Ne2 b4 17. Ng3 Qd6 18. f4 Bg7 19. Qe2 c5 20. Qf2 a4 21. Ne2 c4
22. Nc1 cxd3 23. Nxd3 b3 24. a3 Ba6 25. Nc5 Rfc8 26. cxb3 axb3 27. Nxb3 Bd3+
28. Ka1 Rc2 29. Qf3 Rxa3+ 30. Kb1 Rxb3 31. Rd1 Rbxb2+ 32. Ka1 Qa6#
0-1

[Event "Åpent Hordalandsmesterskap 2017 NGP"]
[Site "Ulsmåg skole, Nesttun"]
[Date "2017.05.25"]
[Round "1"]
[White "Merkesvik, Sondre"]
[Black "Takle, Mikael"]
[Result "1-0"]
[WhiteElo "2172"]
[BlackElo "1599"]

1. g3 e6 2. d4 d5 3. c4 Nf6 4. Bg2 Be7 5. Nf3 O-O 6. O-O dxc4 7. Qc2 c5 8. dxc5
Bxc5 9. Qxc4 Qb6 10. a3 a5 11. Nc3 Bd7 12. Bg5 Be7 13. Be3 Qa6 14. Qxa6 Nxa6
15. Ne5 Nc5 16. Rab1 Rab8 17. Rfd1 Rfd8 18. b4 axb4 19. axb4 Na4 20. Nxa4 Bxa4
21. Rxd8+ Rxd8 22. Bxb7 Rb8 23. Bc6 Bxc6 24. Nxc6 Rb7 25. Ra1 h6 26. Ra8+ Kh7
27. Ra7 Rxa7 28. Bxa7 Bd6 29. b5 Nd7 30. f4 Kg8 31. Kf2 Kf8 32. Ke3 Ke8 33. Kd4
f6 34. e4 Bc7 35. Kc4 Nb6+ 36. Kc5 Nc8 37. b6 Bd6+ 38. Kb5 Kd7 39. Bb8 Bxb8 40.
Nxb8+ Kd8 41. e5 fxe5 42. fxe5
1-0

[Event "Åpent Hordalandsmesterskap 2017 NGP"]
[Site "Ulsmåg skole, Nesttun"]
[Date "2017.05.25"]
[Round "1"]
[White "Sørensen, Simen"]
[Black "Hølleland, Sigve"]
[Result "1-0"]
[WhiteElo "1526"]
[BlackElo "2014"]

1. c4 e5 2. Nc3 Nf6 3. g3 c6 4. Bg2 d5 5. cxd5 cxd5 6. d4 e4 7. Bg5 Bb4 8. Qb3
Nc6 9. e3 O-O 10. Bxf6 gxf6 11. Nge2 Be6 12. Nf4 Rc8 13. Rc1 Qd6 14. O-O Rfd8
15. a3 Bxc3 16. Rxc3 Na5 17. Qc2 Nc4 18. Rc1 b5 19. Qe2 Qf8 20. Nxe6 fxe6 21.
Qg4+ Kf7 22. Qh5+ Kg7 23. Qg4+ Kf7 24. Qh5+ Kg7 25. Qg4+ Kh8 26. Qxe6 Rd6 27.
Qf5 Rcd8 28. b3 Nb6 29. Rc7 R6d7 30. R1c6 Kg7 31. Rxd7+ Nxd7 32. Rc7 Qd6 33.
Rxa7 Kh8 34. Bh3 Nf8 35. Qh5
1-0

[Event "Åpent Hordalandsmesterskap 2017 NGP"]
[Site "Ulsmåg skole, Nesttun"]
[Date "2017.05.25"]
[Round "1"]
[White "Rønnestad, Liam Jansson"]
[Black "Strand, Øyvin"]
[Result "0-1"]
[WhiteElo "1473"]
[BlackElo "1807"]

1. d4 d5 2. c4 e6 3. Nf3 f5 4. Nc3 Nf6 5. e3 c6 6. Bd3 Bd6 7. O-O O-O 8. b3 Ne4
9. Ne2 Nd7 10. Bb2 Qf6 11. Nd2 g5 12. f4 g4 13. Rc1 h5 14. Bxe4 fxe4 15. Qc2
Qg6 16. g3 Nf6 17. Nb1 Ne8 18. Ba3 Bd7 19. Bxd6 Nxd6 20. a4 Rf7 21. Qd2 Nf5 22.
Nbc3 Rh7 23. Kf2 h4 24. Ke1 Kf7 25. c5 Rah8 26. Kd1 hxg3 27. hxg3 Rh2 28. Rg1
R8h3 29. Kc2 Nxg3 30. Kb1 Nf5 31. Nd1 g3 32. Qe1 g2 33. Rc3 Nh4 34. Nf2 Nf3 35.
Qd1 Nxg1 36. Nxg1 Rg3 37. Qe2 Rh1 38. Rc1 Qh5 39. Qxh5+ Rxh5 40. Re1 Rh1 41.
Kc2 Kf6 42. Kd2 Be8 43. Ke2 Bh5+ 44. Kd2 Rf3 45. Nxf3 Bxf3 46. Nxh1 gxh1=Q 47.
Rxh1 Bxh1 48. Kc3 Kf5 49. Kd2 Bf3 50. Ke1 Kg4 51. Kf2 Bd1 52. b4 Bxa4 53. Kg2
Bb5 54. Kf2 Kf5 55. Kg3 Be2 56. Kf2 Bh5 57. Kg3 b6 58. Kh4 bxc5 59. dxc5 Be8
60. Kg3 e5
0-1

[Event "Åpent Hordalandsmesterskap 2017 NGP"]
[Site "Ulsmåg skole, Nesttun"]
[Date "2017.05.25"]
[Round "1"]
[White "Merkesvik, Amalie Isabel"]
[Black "Hina, Ariza"]
[Result "1-0"]
[WhiteElo "1665"]
[BlackElo "1381"]

1. e4 e5 2. Nf3 Nc6 3. Bc4 Nf6 4. d3 Bc5 5. c3 d6 6. a4 Be6 7. Bxe6 fxe6 8. b4
Bxf2+ 9. Kxf2 Ng4+ 10. Ke1 O-O 11. h3 Nf6 12. Be3 Qe8 13. Nbd2 Qf7 14. Ng5 Qe8
15. Qe2 h6 16. Ngf3 Nh5 17. Nf1 Nf4 18. Bxf4 exf4 19. N1d2 e5 20. Nh4 Ne7 21.
Qg4 Qf7 22. g3 g5 23. gxf4 exf4 24. Nhf3 Kh7 25. h4 gxh4 26. Qxh4 Qg7 27. Ng5+
Kg8 28. Qxh6 Qxh6 29. Rxh6 Kg7 30. Rh7+ Kf6 31. Ndf3 a5 32. Kd2 axb4 33. cxb4
Rg8 34. Rf1
1-0

[Event "Åpent Hordalandsmesterskap 2017 NGP"]
[Site "Ulsmåg skole, Nesttun"]
[Date "2017.05.26"]
[Round "2"]
[White "Haldorsen, Benjamin"]
[Black "Merkesvik, Amalie Isabel"]
[Result "1-0"]
[WhiteElo "2356"]
[BlackElo "1665"]
[PlyCount "45"]
[EventDate "2017.??.??"]

1. e4 c5 2. Nf3 d6 3. d4 cxd4 4. Nxd4 Nf6 5. Nc3 a6 6. Be3 e6 7. Qd2 Nbd7 8. f3
Be7 9. O-O-O Qc7 10. g4 Ne5 11. g5 Nfd7 12. f4 Nc4 13. Bxc4 Qxc4 14. f5 Nc5 15.
b3 Qb4 16. Kb2 Qb6 17. Rhf1 f6 18. fxe6 Qd8 19. Nf5 g6 20. Nxe7 Qxe7 21. Bxc5
dxc5 22. gxf6 Qxe6 23. Qd8+
1-0

[Event "Åpent Hordalandsmesterskap 2017 NGP"]
[Site "Ulsmåg skole, Nesttun"]
[Date "2017.05.26"]
[Round "2"]
[White "Flatebø, Hallvard Haug"]
[Black "Merkesvik, Sondre"]
[Result "0-1"]
[WhiteElo "1265"]
[BlackElo "2172"]
[PlyCount "44"]
[EventDate "2017.??.??"]

1. d4 Nf6 2. c4 g6 3. Nc3 d5 4. cxd5 Nxd5 5. e4 Nxc3 6. bxc3 Bg7 7. Bc4 c5 8.
Be3 Nc6 9. Nf3 O-O 10. O-O Bg4 11. e5 Qc7 12. Be2 Rfd8 13. Qb3 Bxf3 14. Bxf3
cxd4 15. cxd4 Nxd4 16. Bxd4 Rxd4 17. Qxb7 Qxb7 18. Bxb7 Rb8 19. Rab1 Bxe5 20.
Bc6 Rc8 21. Bb5 Rd2 22. a4 Bd4
0-1

[Event "Åpent Hordalandsmesterskap 2017 NGP"]
[Site "Ulsmåg skole, Nesttun"]
[Date "2017.05.26"]
[Round "2"]
[White "Hølleland, Sigve"]
[Black "Rønnestad, Liam Jansson"]
[Result "0-1"]
[WhiteElo "2014"]
[BlackElo "1473"]
[PlyCount "50"]
[EventDate "2017.??.??"]

1. d4 d5 2. c4 c6 3. Nc3 Nf6 4. cxd5 cxd5 5. f3 Bf5 6. g4 Bg6 7. g5 Ng8 8. e4
e6 9. h4 h6 10. gxh6 gxh6 11. h5 Bh7 12. Bb5+ Nc6 13. exd5 exd5 14. Qe2+ Nge7
15. Bf4 Bg7 16. O-O-O Rc8 17. Nh3 O-O 18. Rhg1 Nf5 19. Bxc6 Rxc6 20. Be5 f6 21.
Bh2 Qa5 22. a3 Rxc3+ 23. bxc3 Qxc3+ 24. Qc2 Qxa3+ 25. Kd2 Qe3#
0-1

[Event "Åpent Hordalandsmesterskap 2017 NGP"]
[Site "Ulsmåg skole, Nesttun"]
[Date "2017.05.26"]
[Round "2"]
[White "Strand, Øyvin"]
[Black "Mansoor, Afras"]
[Result "1-0"]
[WhiteElo "1807"]
[BlackElo "1899"]
[PlyCount "111"]
[EventDate "2017.??.??"]

1. d4 Nf6 2. Nf3 g6 3. g3 Bg7 4. Bg2 O-O 5. O-O d6 6. c4 Nbd7 7. Nc3 e5 8. e3
Nh5 9. b3 f5 10. dxe5 dxe5 11. Ba3 Re8 12. e4 f4 13. g4 Nhf6 14. g5 Nh5 15.
Qd5+ Kh8 16. Rfd1 c6 17. Qd2 Qa5 18. Qb2 Bf8 19. Bxf8 Nxf8 20. b4 Qc7 21. c5
Bg4 22. h3 Bxf3 23. Bxf3 Ng7 24. Bg4 Nge6 25. h4 Nd4 26. Ne2 Nfe6 27. Bxe6 Nxe6
28. Rd6 Qg7 29. Rad1 Re7 30. Qb3 Rae8 31. Qh3 Kg8 32. Qg4 Qf7 33. f3 a5 34. a3
axb4 35. axb4 Ra8 36. Nc1 Ra3 37. Nd3 Nd4 38. Nxe5 Ne2+ 39. Kf2 Rxe5 40. Rf6
Qe8 41. Kxe2 Rxe4+ 42. Kf1 Re2 43. Qxf4 Raa2 44. Qc4+ Kg7 45. Qd4 Kg8 46. Rd6
Rh2 47. Qc4+ Kh8 48. Qxa2 Rxa2 49. Rd8 Ra8 50. Rxe8+ Rxe8 51. Rd7 Rf8 52. Kf2
Rf4 53. Rxb7 Rxh4 54. b5 cxb5 55. c6 Rc4 56. c7
1-0

[Event "Åpent Hordalandsmesterskap 2017 NGP"]
[Site "Ulsmåg skole, Nesttun"]
[Date "2017.05.26"]
[Round "2"]
[White "Takle, Mikael"]
[Black "Shehzad, Shazil"]
[Result "1-0"]
[WhiteElo "1599"]
[BlackElo "1660"]
[PlyCount "101"]
[EventDate "2017.??.??"]

1. d4 Nf6 2. c4 c5 3. d5 b5 4. cxb5 a6 5. bxa6 g6 6. Nc3 Bg7 7. e4 O-O 8. Nf3
Qa5 9. Bd2 Bxa6 10. Bxa6 Qxa6 11. a4 e6 12. dxe6 fxe6 13. Qe2 d5 14. Qxa6 Nxa6
15. exd5 exd5 16. O-O Rab8 17. Rab1 Rb3 18. Rfd1 Rfb8 19. Nb5 Ne4 20. Bf4 Rd8
21. Be5 Nb4 22. Bxg7 Kxg7 23. Nd2 Nxd2 24. Rxd2 Ra8 25. Nc7 Rxa4 26. Ne6+ Kf6
27. Nxc5 Raa3 28. Rbd1 Ra8 29. Nxb3 Rd8 30. Nc5 Kf5 31. Nd3 Nc6 32. g3 g5 33.
Nc5 Nb4 34. g4+ Kf6 35. Ne4+ Kg6 36. Nc3 Rb8 37. Nxd5 Nxd5 38. Rxd5 Rxb2 39.
Ra5 Rb6 40. Rad5 Rb4 41. R5d4 Rb3 42. Rd6+ Kg7 43. Rd7+ Kg8 44. R1d5 h6 45.
R5d6 Rh3 46. Ra6 Rf3 47. Ra8+ Rf8 48. Rxf8+ Kxf8 49. Rh7 Kg8 50. Rxh6 Kg7 51.
Ra6
1-0

[Event "Åpent Hordalandsmesterskap 2017 NGP"]
[Site "Ulsmåg skole, Nesttun"]
[Date "2017.05.26"]
[Round "2"]
[White "Kvaløy, Aksel Bu"]
[Black "Sørensen, Simen"]
[Result "1-0"]
[WhiteElo "1587"]
[BlackElo "1526"]
[PlyCount "71"]
[EventDate "2017.??.??"]

1. e4 e6 2. d4 d5 3. Nc3 Nf6 4. Qd3 dxe4 5. Nxe4 Nbd7 6. c3 Nxe4 7. Qxe4 Nf6 8.
Qc2 Bd6 9. Nf3 O-O 10. Bd3 b6 11. Bg5 h6 12. Bh4 Bb7 13. Ne5 Be7 14. O-O-O a5
15. f4 Nd5 16. Bxe7 Qxe7 17. Qd2 c5 18. dxc5 bxc5 19. g4 Rab8 20. h4 Nxf4 21.
Qxf4 Bxh1 22. Rxh1 Rxb2 23. Qe4 f5 24. gxf5 Qb7 25. Qxb7 Rxb7 26. fxe6 Rf2 27.
Re1 Rf8 28. Bg6 Rf6 29. Bf7+ Kf8 30. Ng6+ Rxg6 31. Bxg6 Ke7 32. Bf7 a4 33. Rd1
Rb6 34. Rd7+ Kf6 35. Bg8 Rb8 36. Rf7+
1-0

[Event "Åpent Hordalandsmesterskap 2017 NGP"]
[Site "Ulsmåg skole, Nesttun"]
[Date "2017.05.26"]
[Round "2"]
[White "Kristiansen, Snorre"]
[Black "Fuglestein, Sander"]
[Result "0-1"]
[WhiteElo "1480"]
[BlackElo "1297"]
[PlyCount "72"]
[EventDate "2017.??.??"]

1. e4 e5 2. Nf3 Nc6 3. Nc3 Nf6 4. d4 exd4 5. Nxd4 Bb4 6. Nxc6 bxc6 7. Bd3 O-O
8. O-O Re8 9. Bg5 h6 10. Bh4 g5 11. Bg3 Bxc3 12. bxc3 Nxe4 13. Qh5 Kg7 14. f4
Nf6 15. Qf3 g4 16. Qf2 Ne4 17. Bxe4 Rxe4 18. Bh4 Qe8 19. f5 Ba6 20. f6+ Kg8 21.
Rfe1 Be2 22. h3 Qe6 23. Rab1 Kh7 24. Rb4 Re8 25. Kh2 gxh3 26. gxh3 Re3 27. Bg3
Rxc3 28. Rh4 h5 29. Rxh5+ Bxh5 30. Rxe6 Rxe6 31. Qf5+ Bg6 32. Qg5 Rxc2+ 33. Kg1
Re4 34. h4 Rd4 35. Kf1 Rd1+ 36. Be1 Bd3+
0-1

[Event "Åpent Hordalandsmesterskap 2017 NGP"]
[Site "Ulsmåg skole, Nesttun"]
[Date "2017.05.26"]
[Round "2"]
[White "Hina, Ariza"]
[Black "Solli, Jarle"]
[Result "1-0"]
[WhiteElo "1381"]
[BlackElo "1531"]
[PlyCount "73"]
[EventDate "2017.??.??"]

1. e4 e5 2. Nc3 Nc6 3. f4 Be7 4. Nf3 d6 5. Bc4 h6 6. d3 Nf6 7. O-O Nd4 8. fxe5
Nxf3+ 9. Qxf3 dxe5 10. Qg3 Be6 11. Bxe6 fxe6 12. Qxe5 Qd7 13. Bf4 Bd6 14. Qd4
Bxf4 15. Qxd7+ Nxd7 16. Rxf4 g5 17. Rf2 Ke7 18. Raf1 Rhf8 19. Rxf8 Nxf8 20. Kf2
Ng6 21. Ke3 a6 22. d4 Rd8 23. Ne2 c5 24. c3 b5 25. e5 Nh4 26. g3 Nf5+ 27. Ke4
Rf8 28. g4 cxd4 29. gxf5 exf5+ 30. Kxd4 Ke6 31. h3 Rd8+ 32. Ke3 Kxe5 33. Nd4
f4+ 34. Kf3 Kd5 35. b3 Re8 36. Nf5 Rc8 37. Ne7+
1-0

[Event "Åpent Hordalandsmesterskap 2017 NGP"]
[Site "Ulsmåg skole, Nesttun"]
[Date "2017.05.27"]
[Round "3"]
[White "Merkesvik, Sondre"]
[Black "Haldorsen, Benjamin"]
[Result "0-1"]
[WhiteElo "2172"]
[BlackElo "2356"]
[PlyCount "54"]
[EventDate "2017.??.??"]

1. g3 g6 2. Bg2 Bg7 3. c4 e5 4. Nc3 Nc6 5. e3 Nge7 6. Nge2 O-O 7. O-O d6 8. Nd5
h5 9. Nec3 Bg4 10. Qc2 Nxd5 11. Nxd5 a5 12. h4 Qd7 13. Kh2 Nb4 14. Nxb4 axb4
15. Bxb7 b3 16. Qb1 Rxa2 17. Rxa2 bxa2 18. Qxa2 c6 19. Ba6 Ra8 20. f3 Be6 21.
d4 Qa7 22. dxe5 dxe5 23. Rd1 Bf6 24. Rd6 Qxa6 25. Qb1 Qxc4 26. b3 Qe2+ 27. Kg1
Ra2
0-1

[Event "Åpent Hordalandsmesterskap 2017 NGP"]
[Site "Ulsmåg skole, Nesttun"]
[Date "2017.05.27"]
[Round "3"]
[White "Solli, Jarle"]
[Black "Hølleland, Sigve"]
[Result "0-1"]
[WhiteElo "1531"]
[BlackElo "2014"]
[PlyCount "94"]
[EventDate "2017.??.??"]

1. e4 e5 2. c3 d5 3. Nf3 dxe4 4. Nxe5 Qf6 5. Qa4+ c6 6. Qxe4 Be7 7. Bc4 Nh6 8.
d4 O-O 9. Bxh6 Qxh6 10. O-O Be6 11. d5 cxd5 12. Bxd5 Bxd5 13. Qxd5 Nc6 14. Nxc6
bxc6 15. Qd3 Qf6 16. Re1 Bc5 17. b4 Bxb4 18. cxb4 Qxa1 19. Nc3 Rad8 20. Qe3 Qb2
21. Ne4 Rfe8 22. g4 Qxb4 23. f3 Qb6 24. Kf2 h6 25. Rc1 Re6 26. Rc5 Qb2+ 27. Kg3
Qxa2 28. h4 Rb8 29. Qd3 Rb3 30. Qc4 Rb2 31. Rxc6 Qxc4 32. Rxc4 Ra2 33. Rc8+ Kh7
34. g5 f5 35. gxf6 gxf6 36. h5 f5 37. Nc5 Re3 38. Rc7+ Kg8 39. Rc8+ Kf7 40.
Rc7+ Ke8 41. Kf4 Rc3 42. Kxf5 Ra5 43. Rc8+ Ke7 44. Rc7+ Kd8 45. Kg6 Kxc7 46.
Ne6+ Kd7 47. Nf8+ Ke8
0-1

[Event "Åpent Hordalandsmesterskap 2017 NGP"]
[Site "Ulsmåg skole, Nesttun"]
[Date "2017.05.27"]
[Round "3"]
[White "Mansoor, Afras"]
[Black "Kvaløy, Aksel Bu"]
[Result "1-0"]
[WhiteElo "1899"]
[BlackElo "1587"]
[PlyCount "81"]
[EventDate "2017.??.??"]

1. d4 e6 2. Nf3 Nf6 3. Bg5 c5 4. e3 cxd4 5. exd4 Be7 6. Bd3 b6 7. O-O Bb7 8.
Nbd2 d6 9. Re1 O-O 10. Nf1 Nbd7 11. Ng3 a6 12. c3 Re8 13. Bc2 Bf8 14. Nh5 g6
15. Nxf6+ Nxf6 16. Qd3 Bg7 17. Rad1 b5 18. Qe3 Qb6 19. Qf4 Nd5 20. Qh4 h5 21.
Bb3 Rac8 22. Nd2 f6 23. Be3 Nxe3 24. Rxe3 d5 25. Bc2 Kf7 26. Rg3 f5 27. Qg5 e5
28. Bxf5 Rc6 29. Bd7 exd4 30. Bxe8+ Kxe8 31. Re1+ Kf8 32. Rf3+ Kg8 33. Qxd5+
Kh7 34. Ne4 dxc3 35. bxc3 Rxc3 36. Qd2 Bxe4 37. Rxc3 Bxc3 38. Qxc3 Bf5 39. Re7+
Kh6 40. Rc7 Qd6 41. Qc1+
1-0

[Event "Åpent Hordalandsmesterskap 2017 NGP"]
[Site "Ulsmåg skole, Nesttun"]
[Date "2017.05.27"]
[Round "3"]
[White "Fuglestein, Sander"]
[Black "Strand, Øyvin"]
[Result "0-1"]
[WhiteElo "1297"]
[BlackElo "1807"]
[PlyCount "86"]
[EventDate "2017.??.??"]

1. d4 d5 2. c4 e6 3. Nc3 f5 4. Nf3 Nf6 5. Bf4 c6 6. g3 Bd6 7. e3 O-O 8. c5 Be7
9. Bg2 Ne4 10. h4 b6 11. cxb6 axb6 12. O-O Ba6 13. Re1 Bb4 14. Qc2 c5 15. Bf1
Nc6 16. Bxa6 Rxa6 17. Red1 Bxc3 18. bxc3 Ra3 19. Ng5 Nxg5 20. Bxg5 Qd7 21. Rdb1
Ra6 22. Rb2 Na5 23. dxc5 Nc4 24. Rb3 h6 25. Bxh6 gxh6 26. Rab1 Na3 27. Qe2 b5
28. Rxa3 Rxa3 29. Rxb5 Qa7 30. Qh5 Qg7 31. Rb6 Qf6 32. c6 Rxc3 33. a4 Ra3 34.
c7 Rxa4 35. Rb8 Ra8 36. Rb7 Rac8 37. Qe2 Qe5 38. Qc2 Qa1+ 39. Kh2 Qa6 40. Qb2
Qc6 41. Rb6 Qxc7 42. Rxe6 Rce8 43. Rxh6 Qg7
0-1

[Event "Åpent Hordalandsmesterskap 2017 NGP"]
[Site "Ulsmåg skole, Nesttun"]
[Date "2017.05.27"]
[Round "3"]
[White "Merkesvik, Amalie Isabel"]
[Black "Shehzad, Alisha"]
[Result "1-0"]
[WhiteElo "1665"]
[BlackElo "1448"]
[PlyCount "77"]
[EventDate "2017.??.??"]

1. e4 c5 2. Nf3 d6 3. d4 cxd4 4. Nxd4 Nf6 5. Nc3 g6 6. Be2 Bg7 7. Be3 a6 8. a4
O-O 9. O-O Nc6 10. Kh1 Bd7 11. Qd2 Ng4 12. Bxg4 Bxg4 13. f3 Bd7 14. Nxc6 bxc6
15. Bd4 Bxd4 16. Qxd4 Rb8 17. Rab1 Qb6 18. Qd2 Rb7 19. f4 Qc5 20. f5 Qe5 21. b3
Rbb8 22. Rbe1 a5 23. Nd1 Rb4 24. Nf2 Qd4 25. Nd3 Ra8 26. Qf4 Rbb8 27. fxg6 fxg6
28. Qf7+ Kh8 29. Qxe7 Rd8 30. Rf7 Be6 31. Qxe6 Re8 32. Qh3 h5 33. Qf3 Kg8 34.
Rf1 Rad8 35. Qg3 Qxe4 36. R7f4 Qe6 37. Rf6 Qe4 38. Rxg6+ Kh8 39. Rh6+
1-0

[Event "Åpent Hordalandsmesterskap 2017 NGP"]
[Site "Ulsmåg skole, Nesttun"]
[Date "2017.05.27"]
[Round "3"]
[White "Sørensen, Simen"]
[Black "Hina, Ariza"]
[Result "1-0"]
[WhiteElo "1526"]
[BlackElo "1381"]
[PlyCount "59"]
[EventDate "2017.??.??"]

1. e4 e5 2. Nf3 Nc6 3. Bc4 Nf6 4. Ng5 d5 5. exd5 Na5 6. Bb5+ c6 7. dxc6 bxc6 8.
Bd3 h6 9. Ne4 Bf5 10. Qf3 Bg6 11. Nxf6+ Qxf6 12. Qxf6 gxf6 13. Bxg6 fxg6 14. b3
O-O-O 15. Bb2 Rd7 16. Nc3 Bb4 17. O-O-O Rhd8 18. a3 Bxc3 19. Bxc3 Nb7 20. Rhf1
Nc5 21. f4 Ne4 22. Ba5 Re8 23. d3 Nc5 24. fxe5 fxe5 25. Rf6 Re6 26. Rdf1 Rdd6
27. Rf8+ Kb7 28. Bb4 Kb6 29. R1f7 Rd7 30. Bxc5+
1-0

[Event "Åpent Hordalandsmesterskap 2017 NGP"]
[Site "Ulsmåg skole, Nesttun"]
[Date "2017.05.27"]
[Round "3"]
[White "Rønnestad, Liam Jansson"]
[Black "Flatebø, Hallvard Haug"]
[Result "1-0"]
[WhiteElo "1473"]
[BlackElo "1265"]
[PlyCount "45"]
[EventDate "2017.??.??"]

1. d4 f5 2. c4 Nf6 3. Nc3 g6 4. Nf3 Bg7 5. e3 d6 6. Be2 O-O 7. O-O Nc6 8. a3 e5
9. d5 Ne7 10. b4 c6 11. dxc6 bxc6 12. Bb2 Qc7 13. Qc2 Be6 14. Rfd1 Rad8 15.
Rac1 h6 16. c5 Nfd5 17. cxd6 Qxd6 18. e4 fxe4 19. Nxe4 Qb8 20. Nc5 Bf7 21. Qe4
Nf5 22. Bxe5 Qc8 23. Ba6
1-0

[Event "Åpent Hordalandsmesterskap 2017 NGP"]
[Site "Ulsmåg skole, Nesttun"]
[Date "2017.05.27"]
[Round "4"]
[White "Haldorsen, Benjamin"]
[Black "Strand, Øyvin"]
[Result "1-0"]
[WhiteElo "2356"]
[BlackElo "1807"]
[PlyCount "43"]
[EventDate "2017.??.??"]

1. e4 e6 2. d4 d5 3. Nc3 dxe4 4. Nxe4 Bd7 5. Nf3 Bc6 6. Bd3 Nd7 7. O-O Ngf6 8.
Ng3 Be7 9. Re1 Bxf3 10. Qxf3 c6 11. c3 O-O 12. Bf4 Re8 13. Rad1 Qa5 14. a3 Rac8
15. c4 b5 16. b4 Qb6 17. c5 Qd8 18. Ne4 Nxe4 19. Bxe4 Nb8 20. Bxb8 Rxb8 21.
Bxc6 Rf8 22. d5
1-0

[Event "Åpent Hordalandsmesterskap 2017 NGP"]
[Site "Ulsmåg skole, Nesttun"]
[Date "2017.05.27"]
[Round "4"]
[White "Merkesvik, Amalie Isabel"]
[Black "Merkesvik, Sondre"]
[Result "0-1"]
[WhiteElo "1665"]
[BlackElo "2172"]
[PlyCount "100"]
[EventDate "2017.??.??"]

1. e4 Nf6 2. Nc3 d5 3. exd5 Nxd5 4. Nxd5 Qxd5 5. Nf3 c5 6. d4 Nc6 7. c4 Qe4+ 8.
Be3 cxd4 9. Nxd4 Nxd4 10. Qxd4 Qxd4 11. Bxd4 f6 12. b3 e5 13. Bc3 Bf5 14. Be2
O-O-O 15. O-O Bc5 16. Rad1 Kc7 17. b4 Be7 18. a3 Bc2 19. Rd2 Rxd2 20. Bxd2 Rd8
21. Be3 Bd3 22. Bxd3 Rxd3 23. Ra1 a5 24. bxa5 Rxa3 25. Rxa3 Bxa3 26. Bb6+ Kc6
27. Kf1 Bd6 28. Ke2 Bc7 29. Bxc7 Kxc7 30. Kd3 Kd6 31. f3 Kc5 32. Kc3 f5 33. h4
e4 34. fxe4 fxe4 35. g4 e3 36. Kd3 e2 37. Kxe2 Kxc4 38. Ke3 Kb5 39. Kd4 Kxa5
40. Kc3 b5 41. Kb3 b4 42. Kb2 Kb5 43. g5 g6 44. Kb3 Kc5 45. Kb2 Kd4 46. Kb3 Ke4
47. Kxb4 Kf4 48. Kc4 Kg4 49. Kd4 Kxh4 50. Ke4 Kxg5
0-1

[Event "Åpent Hordalandsmesterskap 2017 NGP"]
[Site "Ulsmåg skole, Nesttun"]
[Date "2017.05.27"]
[Round "4"]
[White "Hølleland, Sigve"]
[Black "Flatebø, Hallvard Haug"]
[Result "1-0"]
[WhiteElo "2014"]
[BlackElo "1265"]
[PlyCount "43"]
[EventDate "2017.??.??"]

1. c4 f5 2. Nc3 Nf6 3. d3 d6 4. e4 g6 5. Nf3 Bg7 6. Qb3 c5 7. exf5 Bxf5 8. Qxb7
Nbd7 9. Be2 O-O 10. O-O Nb6 11. Qa6 e5 12. Bg5 Bc8 13. Qa5 Bb7 14. Nd2 Qd7 15.
Nde4 Nxe4 16. dxe4 h6 17. Be3 Qf7 18. b3 Bc6 19. Rad1 Rad8 20. Rd2 Rd7 21. Rfd1
Rfd8 22. Bg4
1-0

[Event "Åpent Hordalandsmesterskap 2017 NGP"]
[Site "Ulsmåg skole, Nesttun"]
[Date "2017.05.27"]
[Round "4"]
[White "Mansoor, Afras"]
[Black "Sørensen, Simen"]
[Result "1/2-1/2"]
[WhiteElo "1899"]
[BlackElo "1526"]
[PlyCount "64"]
[EventDate "2017.??.??"]

1. d4 Nf6 2. Bg5 e6 3. e4 Be7 4. e5 Nd5 5. Bxe7 Qxe7 6. c4 Nb6 7. Nc3 d6 8.
exd6 cxd6 9. Nf3 O-O 10. Be2 Nc6 11. O-O Re8 12. Re1 e5 13. d5 Nb8 14. b4 Bg4
15. Qb3 N8d7 16. Rac1 Rac8 17. Nd2 Bxe2 18. Nxe2 Kh8 19. a4 Nf6 20. Ng3 g6 21.
f4 Nbd7 22. Nf3 b6 23. fxe5 Nxe5 24. Nxe5 dxe5 25. Red1 Qd6 26. a5 Rc7 27. Kh1
Rec8 28. a6 Kg8 29. h3 Re8 30. Qf3 Rec8 31. Qb3 Re8 32. Qf3 Rec8
1/2-1/2

[Event "Åpent Hordalandsmesterskap 2017 NGP"]
[Site "Ulsmåg skole, Nesttun"]
[Date "2017.05.27"]
[Round "4"]
[White "Solli, Jarle"]
[Black "Shehzad, Shazil"]
[Result "1-0"]
[WhiteElo "1531"]
[BlackElo "1660"]
[PlyCount "147"]
[EventDate "2017.??.??"]

1. e4 c5 2. g4 d5 3. e5 Nc6 4. Bb5 Qc7 5. f4 h5 6. Nc3 Bxg4 7. Nf3 d4 8. Ne4 a6
9. Bxc6+ Qxc6 10. d3 e6 11. Qe2 Nh6 12. h3 Bxf3 13. Qxf3 Be7 14. Bd2 Bh4+ 15.
Ke2 Nf5 16. Rhg1 O-O-O 17. Ba5 Rd5 18. Be1 Bxe1 19. Raxe1 Qa4 20. b3 Qxa2 21.
Kd2 Qa5+ 22. Ke2 Kb8 23. Ra1 Qc7 24. Nd2 Qc6 25. Nc4 b5 26. Ra2 Kc7 27. Rga1
Ra8 28. Na5 Qb6 29. Kd2 g6 30. Qg2 Ne3 31. Qg5 Rd7 32. Qf6 Ra7 33. c4 b4 34.
Qh8 Nf5 35. Qf8 Ne3 36. Ke2 Nf5 37. Kf2 Ne3 38. Re1 Nf5 39. Kf3 Nh4+ 40. Kg3
Nf5+ 41. Kf2 Nh4 42. Re4 Nf5 43. Ke2 Ng3+ 44. Kf3 Nf5 45. Kf2 Nh4 46. f5 Nxf5
47. Rf4 Rb7 48. Nxb7 Kxb7 49. Re4 Qc7 50. Qe8 Ne3 51. Kf3 Nf5 52. Kf4 Ng7 53.
Qh8 Nf5 54. Re1 Qd8 55. Qxd8 Rxd8 56. Rea1 Ra8 57. Ra5 Kb6 58. Rb5+ Kc6 59.
Raa5 axb5 60. Rxa8 bxc4 61. bxc4 Ne3 62. Kg5 Nd1 63. Kf6 Nc3 64. Kxf7 b3 65.
Ra3 b2 66. Rb3 b1=Q 67. Rxb1 Nxb1 68. Kxe6 Nc3 69. Kf7 Na4 70. e6 Nb6 71. e7
Nc8 72. e8=Q+ Kc7 73. Kxg6 Nd6 74. Qe5
1-0

[Event "Åpent Hordalandsmesterskap 2017 NGP"]
[Site "Ulsmåg skole, Nesttun"]
[Date "2017.05.27"]
[Round "4"]
[White "Kvaløy, Aksel Bu"]
[Black "Fuglestein, Sander"]
[Result "1/2-1/2"]
[WhiteElo "1587"]
[BlackElo "1297"]
[PlyCount "155"]
[EventDate "2017.??.??"]

1. e4 e5 2. Nf3 Nc6 3. d4 exd4 4. Bc4 Nf6 5. Ng5 d5 6. exd5 Nxd5 7. Nxf7 Qe7+
8. Qe2 Qxe2+ 9. Kxe2 Kxf7 10. Bxd5+ Be6 11. Bxe6+ Kxe6 12. Re1 Bd6 13. Bg5 Rhe8
14. Kf1+ Kf5 15. Bd2 Ne5 16. Na3 c5 17. Nb5 Nc4 18. Nxd6+ Nxd6 19. Rad1 Rxe1+
20. Rxe1 Re8 21. Rxe8 Nxe8 22. Ke2 Nd6 23. c3 Ke4 24. f3+ Kd5 25. cxd4 cxd4 26.
b3 Nf5 27. g3 a6 28. Kd3 b5 29. a3 g6 30. Be1 Ne7 31. f4 Nc6 32. Bb4 a5 33. Bf8
Nd8 34. b4 axb4 35. axb4 Nc6 36. Bc5 h6 37. g4 g5 38. f5 Ne5+ 39. Ke2 Nxg4 40.
h3 Ne5 41. f6 Ke4 42. Bd6 d3+ 43. Kd1 Nf7 44. Bg3 h5 45. Kd2 g4 46. hxg4 hxg4
47. Bh2 Kd4 48. Bg1+ Kc4 49. Bf2 Ng5 50. Ke3 Kc3 51. Be1+ Kc2 52. Kf4 g3 53.
Kxg5 g2 54. Bf2 d2 55. f7 d1=Q 56. f8=Q g1=Q+ 57. Bxg1 Qxg1+ 58. Kh5 Qd1+ 59.
Kh6 Qd2+ 60. Kh7 Qh2+ 61. Kg7 Qg3+ 62. Kh8 Qe5+ 63. Kg8 Qg5+ 64. Kh8 Qh4+ 65.
Kg8 Kb3 66. Qd6 Qxb4 67. Qd1+ Ka2 68. Qc2+ Qb2 69. Qc6 Qb3+ 70. Kf8 b4 71. Qg2+
Ka3 72. Qe2 Qa4 73. Qe5 b3 74. Qa1+ Kb4 75. Qd4+ Ka5 76. Qa7+ Kb5 77. Qb7+ Kc5
78. Qe7+
1/2-1/2

[Event "Åpent Hordalandsmesterskap 2017 NGP"]
[Site "Ulsmåg skole, Nesttun"]
[Date "2017.05.27"]
[Round "4"]
[White "Hina, Ariza"]
[Black "Shehzad, Alisha"]
[Result "0-1"]
[WhiteElo "1381"]
[BlackElo "1448"]
[PlyCount "54"]
[EventDate "2017.??.??"]

1. e4 c5 2. b4 cxb4 3. a3 d5 4. exd5 Qxd5 5. Bb2 Nc6 6. Nf3 Bg4 7. axb4 Qe4+ 8.
Be2 Bxf3 9. gxf3 Qxb4 10. Bc3 Qf4 11. Na3 Rc8 12. Bd3 e6 13. Qe2 Nf6 14. Qe3
Nd5 15. Qxf4 Nxf4 16. Bb5 a6 17. Bxc6+ Rxc6 18. Rg1 f6 19. Kd1 Kf7 20. Rg4 e5
21. Ba5 Bc5 22. Rg1 Bxf2 23. Rf1 Bc5 24. d3 Rhc8 25. c3 b6 26. Bb4 Bxb4 27.
cxb4 Nxd3
0-1